000 00513nam a2200181Ia 4500
005 20250326142514.0
008 250326s9999 xx 000 0 und d
037 _aTextbook
040 _aFMSL
_beng
_cFMSL
041 _aeng
_2eng
084 _qFMSL
100 _aWoodruff R
_9746180
245 0 _aLatest approaches to understanding customer values and satisfaction
_cWoodruff R; Gardial S F
260 _aNew Delhi
_bNew Delhi, Maya
_c2000
300 _a338p
942 _cTB
999 _c1295349
_d1295349